| 000 | 01801cam a22004814i 4500 | ||
|---|---|---|---|
| 003 | PE-LiUPU | ||
| 005 | 20250731165544.0 | ||
| 008 | 150625s r 000 0 d | ||
| 035 | _a(Sirsi) a33874 | ||
| 035 | _a(Sirsi) a33874 | ||
| 040 |
_aPE-LiUPU _bspa _cPE-LiUPU _erda |
||
| 082 | 0 | 4 |
_a221.7 _bWBUL _221 |
| 100 | 1 |
_aAllen, Leslie C., _eautor. |
|
| 245 | 1 | 0 |
_aPsalms 101-150. _n21 / _cLeslie C. Allen. |
| 264 | 1 |
_aWaco, Texas : _bWord Books, _c1983. |
|
| 300 |
_a342 páginas ; _c24 cm. |
||
| 336 |
_atext _2rdacontent |
||
| 337 |
_aunmediated _2rdamedia |
||
| 338 |
_avolume _2rdacarrier |
||
| 505 | 0 | _aThe king's duty done. -Through teras to praise Grace that forgives. -How great thou art!. -God's faithfulness. -Penitential prayer. -Manifold Mercies. -Old, yet ever new. -Jerusalem the golden. -Grace to help. -The Broken snare. -God can do it Again. | |
| 526 | _aSEG44 | ||
| 526 | _aSEG26 | ||
| 526 | _aP151 | ||
| 526 | _aP150 | ||
| 526 | _aP149 | ||
| 526 | _aP146 | ||
| 526 | _aP145 | ||
| 526 | _aP126 | ||
| 526 | _aP125 | ||
| 526 | _aP92 | ||
| 526 | _aP75 | ||
| 526 | _aP74 | ||
| 526 | _aP27 | ||
| 526 | _aP15 | ||
| 630 |
_aBiblia. _pA.T. _pSalmos 101-150 _xComentarios. |
||
| 910 | _a | ||
| 942 |
_2ddc _cBOOK |
||
| 949 |
_aRC 221.7 WBC 21 _wDEWEY _c1 _i37745 _d2015-9-6 _lRC _mBUL _q2 _r0 _sY _tBOOK _u2015-6-25 _xBIBLIOTECA _zUNKNOWN _0COMPRA _o.CIRCNOTE. No olvidar cambiar la fecha de devolución!!!!!!! _o.STAFF. Colección General |
||
| 994 |
_aC0 _bPEPRU |
||
| 596 | _a1 | ||
| 999 |
_aRC 221.7 WBC 21 _wDEWEY _c41669 _i37745 _d41669 _f2021-11-8 _g6 _lCCODEBUL1 _mBUL _q18 _r1 _sY _tBOOK _u2015-6-25 _xTEOLOGIA _zUNKNOWN _0COMPRA _o.CIRCNOTE. No olvidar cambiar la fecha de devolución!!!!!!! _o.STAFF. Colección General |
||
| 980 |
_81 _gALBERTO SANCHEZ Responsable de Automatización |
||